Statistics for Who Wrote That Book #2

Click here to take the quiz!

General Stats

  • This quiz has been taken 30,615 times
  • The average score is 11 of 24

Answer Stats

Book Author % Correct
Pride and PrejudiceJane Austen
83%
Finnegans WakeJames Joyce
66%
To Kill a MockingbirdHarper Lee
65%
The PrinceNiccolò Machiavelli
64%
The Bell JarSylvia Plath
58%
Adventures of Huckleberry FinnMark Twain
57%
Remembrance of Things PastMarcel Proust
49%
The Satanic VersesSalman Rushdie
47%
The MetamorphosisFranz Kafka
46%
Paradise LostJohn Milton
46%
The HobbitJ.R.R. Tolkien
45%
The FountainheadAyn Rand
42%
BelovedToni Morrison
41%
Charlie and the Chocolate FactoryRoald Dahl
39%
The Divine ComedyDante Alighieri
39%
To the LighthouseVirginia Woolf
38%
The Call of the WildJack London
38%
DuneFrank Herbert
36%
In Cold BloodTruman Capote
34%
I, ClaudiusRobert Graves
32%
One Hundred Years of SolitudeGabriel García Márquez
27%
Infinite JestDavid Foster Wallace
25%
One Flew Over the Cuckoo's NestKen Kesey
25%
Portnoy's ComplaintPhilip Roth
21%

Score Distribution

Percentile by Number Answered

Percent of People with Each Score

Your Score History

You have not taken this quiz